000 00330nam a22001457a 4500
008 230601b ||||| |||| 00| 0 eng d
020 _a0321947347
041 _aeng
080 _2SECOND EDITION
_a51
082 _a51BRI
100 _a22
101 _aMATE
245 _aCALCULUS EARLY TRANSCENDENTAL
_cBRIGGS
942 _2udc
_cBK
999 _c59893
_d59893